Statistics for Top European Countries in Eating the Least Meat

Click here to take the quiz!

General Stats

  • This quiz has been taken 110 times
  • The average score is 9 of 12

Answer Stats

Kg/Pers.Country% Correct
59.6Estonia
78%
64.7Romania
77%
53Bulgaria
75%
66.3Croatia
75%
38.2*Albania
74%
61.5Latvia
74%
45.2Serbia
74%
26.8Moldova
73%
48.5Ukraine
72%
60.4Slovakia
66%
57.7Montenegro
64%
66Norway
54%

Score Distribution

Percentile by Number Answered

Percent of People with Each Score

Your Score History

You have not taken this quiz